| 000 | 00345nam a22001337a 4500 | ||
|---|---|---|---|
| 008 | 250306b |||||||| |||| 00| 0 eng d | ||
| 020 | _a0944002110 | ||
| 050 |
_aHD 66 _b.P75 |
||
| 100 | _aPritchett Price | ||
| 245 | _aThe Team Member Handbook for Team Work | ||
| 260 |
_aUnited State _bPritchett Publisher _c1992 |
||
| 300 | _a63p. | ||
| 942 | _cBK | ||
| 999 |
_c2122 _d2122 |
||